000 00446nam a2200169Ia 4500
003 GCL
008 140319s9999 xx 000 0 eng d
040 _aGCL /
_cGCL
082 0 4 _a401.41
_bF D
100 1 _aFAIRCLOUGH, NORMAN
245 1 0 _aDISCOURSE AND SOCIAL CHANGE /
_cFAIRCLOUGH, NORMAN
260 _a[S.N] :
_bPOLITY PRESS ،
_c1993
300 _a259P
650 0 4 _aالمحفوظات
650 0 4 _aDISCOURSE ANALYSIS
942 _2ddc
_cBK
999 _c11012
_d11012